| 000 | 00739nam a22002537a 4500 | ||
|---|---|---|---|
| 003 | DEla salle | ||
| 005 | 20140310182805.0 | ||
| 008 | 130214t xxu||||| |||| 00| 0 eng d | ||
| 020 | _a9789715849814 v.1 | ||
| 020 | _a9789715849833 v.2 | ||
| 020 | _a9789715849821 v.3 | ||
| 050 |
_aKPM 2450 _b.R175 2010 |
||
| 082 |
_aM 331 _bR35 2010 |
||
| 245 |
_aThe administrative code of 1987 : _bexecutive order no. 292 : annotated _cRamos, Renan E. |
||
| 260 |
_aPhilippines, Quezon City _bC & E Publishing, Inc.. _cc2010 |
||
| 300 |
_a244 p. : _c25 cm. |
||
| 521 | _acollege students | ||
| 526 | _c1210L-1700L | ||
| 541 |
_j1 _i1 |
||
| 541 |
_j1 _i2 |
||
| 541 |
_j1 _i3 |
||
| 562 | _e3 | ||
| 942 |
_2lcc _cBK _kM |
||
| 999 |
_c16070 _d16070 |
||